| 000 | 00612nam a22002057a 4500 | ||
|---|---|---|---|
| 003 | OSt | ||
| 005 | 20140310182034.0 | ||
| 008 | 130814t xxu||||| |||| 00| 0 eng d | ||
| 050 |
_aBF 575 _b.Al334 1974 |
||
| 082 |
_aHS _b155.2 Al2 1974 |
||
| 100 |
_aAlbert, Robert E. _910480 |
||
| 245 |
_aYour perfect right : _ba guide to assertive behavior / _cby Robert E. Alberti |
||
| 260 |
_aObispo ,CA : _bImpact, _cc1974. |
||
| 300 |
_a118 p. : _c21 cm. |
||
| 650 |
_aAssertiveness _910481 |
||
| 650 |
_aSelf-confedence _910482 |
||
| 650 |
_a Emmons, Michael L. _910483 |
||
| 942 |
_2lcc _cHS |
||
| 999 |
_c8638 _d8638 |
||